Κατάλογος Βιβλιοθηκών Mediterranean College

Ο ΤΖΑΚ Η ΦΑΣΟΛΙΑ ΚΑΙ ΟΙ ΕΞΑΓΩΓΕΣ (Record no. 6637)

MARC details
000 -LEADER
fixed length control field 01066cam a22002174a 4500
005 - ΗΜΕΡΟΜΗΝΙΑ ΚΑΙ ΩΡΑ ΤΕΛΕΥΤΑΙΑΣ ΕΝΗΜΕΡΩΣΗΣ
Πεδίο ελέγχου 20250605164247.0
008 - FIXED-LENGTH DATA ELEMENTS--GENERAL INFORMATION
Πεδίο ελέγχου σταθερού μήκους 250528s ||||||||||||||||||||||||d
035 ## - SYSTEM CONTROL NUMBER
System control number 21576
020 ## - ISBN
ISBN 9786188028210
040 ## - ΠΗΓΗ ΚΑΤΑΛΟΓΟΓΡΑΦΗΣΗΣ
Φορέας πρωτότυπης καταλογογράφησης MC Athens Campus Library
Γλώσσα καταλογογράφησης Ελληνικά, Μοντέρνα (1453-)
Modifying agency MC Athens Campus Library
Κανόνες περιγραφικής καταλογογράφησης AACR2
245 1# - ΤΙΤΛΟΣ ΚΑΙ ΔΗΛΩΣΗ ΥΠΕΥΘΥΝΟΤΗΤΑΣ
Τίτλος Ο ΤΖΑΚ Η ΦΑΣΟΛΙΑ ΚΑΙ ΟΙ ΕΞΑΓΩΓΕΣ
250 ## - EDITION STATEMENT
Edition statement 1
260 ## - PUBLICATION, DISTRIBUTION, ETC.
Name of publisher, distributor, etc. Global,
Date of publication, distribution, etc. 2010
300 ## - PHYSICAL DESCRIPTION
Extent 296
505 0# - FORMATTED CONTENTS NOTE
Formatted contents note ΠΩΣ ΘΑ ΞΕΚΙΝΗΣΩ ΕΠΙΛΟΓΗ ΤΩΝ ΚΑΛΥΤΕΡΩΝ ΑΓΟΡΩΝ ΕΠΙΛΟΓΗ ΜΕΘΟΔΟΥ ΕΙΣΟΔΟΥ ΣΤΗΝ ΑΓΟΡΑ ΑΝΕΥΡΕΣΗ ΕΜΠΟΡΙΚΩΝ ΕΠΑΦΩΝ ΠΡΟΣΑΡΜΟΓΗ ΤΟΥ ΜΕΙΓΜΑΤΟΣ ΜΑΡΚΕΤΙΝΓΚ
520 ## - SUMMARY, ETC.
Summary, etc. ΠΩΣ ΘΑ ΞΕΚΙΝΗΣΩ ΕΠΙΛΟΓΗ ΤΩΝ ΚΑΛΥΤΕΡΩΝ ΑΓΟΡΩΝ ΕΠΙΛΟΓΗ ΜΕΘΟΔΟΥ ΕΙΣΟΔΟΥ ΣΤΗΝ ΑΓΟΡΑ ΑΝΕΥΡΕΣΗ ΕΜΠΟΡΙΚΩΝ ΕΠΑΦΩΝ ΠΡΟΣΑΡΜΟΓΗ ΤΟΥ ΜΕΙΓΜΑΤΟΣ ΜΑΡΚΕΤΙΝΓΚ
700 1# - ΠΡΟΣΘΕΤΗ ΑΝΑΓΡΑΦΗ--ΦΥΣΙΚΟ ΠΡΟΣΩΠΟ
Personal name Φιλαδαρλης Μπαμπης
9 (RLIN) 7539
942 ## - ADDED ENTRY ELEMENTS (KOHA)
Koha item type Books
Holdings
Τύπος τεκμηρίου Βιβλιοθήκη Τρέχουσα τοποθεσία Barcode Αριθμός εισαγωγής Ημερομηνία απόκτησης Ταξιθετικό σύμβολο Αριθμός αντιτύπου Κατάσταση απόσυρσης Κατάσταση χαμένου Κατάσταση κατεστραμμένου Μη δανεισμός Σύνολο δανεισμών Ημερομηνία τελευταίας εμφάνισης Η τιμή ισχύει από
Books MC Thessaloniki Campus Library MC Thessaloniki Campus Library 9780000066367 1595 05/06/2025 658.84 ΦΙΛ 1           05/06/2025 05/06/2025

MC Athens Campus Library
Πατησίων 94 & Κοδριγκτώνος 13, 104 34
Πελλήνης 8 & Πατησίων 107, 112 51
Τ: +30 210 8899600

MC Thessaloniki Campus Library
Ίωνος Δραγούμη 21, 54625 | Ίωνος Δραγούμη 15, 54625
Τ: +30 2310 287779 – Τ: +30 2314 440300